ديوان ابى فراس الحمدانى

Saved in:

Main Author: Sāmī Dahhān.

Format: Book

Language: Undetermined

Published: Dimashq, Bayrūt : Institut Français de Damas,, 1944.

Series: Collection de textes orientaux, t. 2

Subjects:

Tags: Add Tag

No Tags, Be the first to tag this record!

Call Number: PJ7701 .A42 A12 1944

LEADER 00680nam a2200169Ia 4500
008 240329s9999||||xx |||||||||||||| ||und||
050 4 |a PJ7701 .A42 A12 1944 
100 1 |a Sāmī Dahhān. 
245 1 0 |a ديوان ابى فراس الحمدانى  |c Sāmī Dahhān 
264 1 |a Dimashq, Bayrūt :  |b Institut Français de Damas,,  |c 1944. 
300 |a 320 (Volume.1), 625 (volume.2) 
490 0 |a Collection de textes orientaux, t. 2 
500 |a بالعربية مع مقدمات بالفرنسية عنوان الجزء ١ فى الغلاف 
650 |a Abū Firās al-Ḥamdānī, al-Ḥārith ibn Saʻīd, 932-968 
650 |a Arabic poetry 750-1258 
942 |2 lcc  |c BK 
999 |c 57899  |d 57899